<?xml version="1.0" encoding="UTF-8"?>
<record
    xmlns:xsi="http://www.w3.org/2001/XMLSchema-instance"
    xsi:schemaLocation="http://www.loc.gov/MARC21/slim http://www.loc.gov/standards/marcxml/schema/MARC21slim.xsd"
    xmlns="http://www.loc.gov/MARC21/slim">

  <leader>01800nam a22001817a 4500</leader>
  <controlfield tag="003">OSt</controlfield>
  <controlfield tag="005">20260407072158.0</controlfield>
  <controlfield tag="008">260407b        |||||||| |||| 00| 0 eng d</controlfield>
  <datafield tag="040" ind1=" " ind2=" ">
    <subfield code="a">LC</subfield>
    <subfield code="b">ENG</subfield>
    <subfield code="c">LC</subfield>
    <subfield code="d">ABK</subfield>
    <subfield code="e">RDA</subfield>
  </datafield>
  <datafield tag="082" ind1=" " ind2=" ">
    <subfield code="2">23rd ed.</subfield>
    <subfield code="a">348.0496761</subfield>
    <subfield code="b">UGA</subfield>
  </datafield>
  <datafield tag="245" ind1=" " ind2=" ">
    <subfield code="a">The Uganda law reports [2015] 2 U. L. R / </subfield>
    <subfield code="c">Edited by Rose Kawesa Nalule</subfield>
  </datafield>
  <datafield tag="260" ind1=" " ind2=" ">
    <subfield code="a">Kampala :</subfield>
    <subfield code="b">Law development centre ;</subfield>
    <subfield code="c">c2015.</subfield>
  </datafield>
  <datafield tag="300" ind1=" " ind2=" ">
    <subfield code="a">xxvii, 402 pages ;</subfield>
    <subfield code="c">24 cm.</subfield>
  </datafield>
  <datafield tag="505" ind1=" " ind2=" ">
    <subfield code="a">TABLE OF CONTENTS 
INDEX OF CASES REPORTED. 
SUBJECT MATTER INDEX 
INDEX OF LEGISLATION CONSIDERED 
INDEX OF CASES CITED 
DIGESTS &amp; JUDGMENTS. 
...//..... 
INDEX OF CASES REPORTED 
AMOOTI GODFREY NYAKAANA VS NATIONAL 
ENVIRONMENT MANAGEMENT AUTHORITY AND 6 
OTHERS (SC)....... 
ATTORNEY GENERAL VS GOODMAN AGENCIES LIMITED (SC)..... 
BUSIKU THOMAS Vs UGANDA (SC)......... 
CENTRE FOR HEALTH, HUMAN RIGHTS AND DEVELOPMENT AND ANOTHER VS ATTORNEY GENERAL (CC)..........
INSPECTOR GENERAL OF GOVERNMENT AND INSPECTORATE 
OF GOVERNMENT VS ATTORNEY GENERAL AND 2 
OTHERS (HC)................... 
ISMAIL DABULE AND 2 OTHERS VS ATTORNEY GENERAL 
AND BANK OF UGANDA (SC)... 
JAMES BAHINGUZA AND OTHERS VS ATTORNEY 
GENERAL (CA).... 
KAMBA SALEH VS THE ATTORNEY GENERAL (CC).......... 
MALE H. KIWANUKA AND ANOTHER VS OWERE FRANCO 
AND OTHERS (HC).. 
....3 
MIFUMI (U) LIMITED AND 12 OTHERS VS ATTORNEY 
GENERAL AND KENNETH KAKURU (SC).... 
M/S UGANDA SCIENTIFIC RESEARCHERS AND ALLIED 
WORKERS' UNION VS UGANDA NATIONAL BUREAU OF STANDARDS AND 2 OTHERS (HC)... 
.....3! 
THEODORE SSEKIKUBO AND 4 OTHERS V/S ATTORNEY GENERAL 
AND 4 OTHERS (SC).... 
TWINOMUGISHA MOSES VS RIFT VALLEY RAILWAYS (U) 
LIMITED (HC)...... </subfield>
  </datafield>
  <datafield tag="650" ind1=" " ind2=" ">
    <subfield code="a">Uganda law reports</subfield>
    <subfield code="9">67647</subfield>
  </datafield>
  <datafield tag="700" ind1=" " ind2=" ">
    <subfield code="a">Nalule, Rose Kawesa (ed.)</subfield>
    <subfield code="9">67670</subfield>
  </datafield>
  <datafield tag="942" ind1=" " ind2=" ">
    <subfield code="2">ddc</subfield>
    <subfield code="c">BOOK</subfield>
  </datafield>
  <datafield tag="999" ind1=" " ind2=" ">
    <subfield code="c">40170</subfield>
    <subfield code="d">40169</subfield>
  </datafield>
  <datafield tag="952" ind1=" " ind2=" ">
    <subfield code="0">0</subfield>
    <subfield code="1">0</subfield>
    <subfield code="2">ddc</subfield>
    <subfield code="4">0</subfield>
    <subfield code="7">0</subfield>
    <subfield code="a">LLB</subfield>
    <subfield code="b">LLB</subfield>
    <subfield code="d">2026-04-07</subfield>
    <subfield code="l">0</subfield>
    <subfield code="o">348.0496761 UGA</subfield>
    <subfield code="p">14931</subfield>
    <subfield code="r">2026-04-07 06:57:00</subfield>
    <subfield code="w">2026-04-07</subfield>
    <subfield code="y">BOOK</subfield>
  </datafield>
</record>
